000 02565nam a2200373 i 4500
001 000004132
003 DO-SdBNP
005 20260321073638.0
006 a||||gr|||| 00| 0
007 ta
008 090717e2007 dr 001 0 spa d
020 _a9945406272
040 _aDO-SdBNP
_bspa
_cBNPHU
_erda
082 4 _a972.93
_bB742d, 2007
_222
100 1 _a Bosch, Juan,
_d1909-2001
_eautor
_976555
245 1 4 _aLas dictaduras dominicanas /
_cJuan Bosch.
250 _a[Septima edición]
264 1 _aSanto Domingo :
_bAlfa & Omega,
_c2007
300 _a207 páginas ;
_c21 cm.
336 _2rdacontent
_atexto
_btxt
337 _2rdamedia
_asin mediación
_bn
338 _2rdacarrier
_avolumen
_bnc
500 _aEl número de edición difiere del consecutivo que le corresponde según el año de publicación de la obra.
505 0 _aPalabras de introducción --
_tUna colonia despoblada --
_tLa aparición del capitalismo en nuestro país --
_tSituación de desorden general --
_tEl país desconocía el orden --
_tLo que era el país en el año 1888 --
_tLo que era el país en el año 1888 --
_tEl panorama de un país sin caminos --
_tEl tránsito del precapitalismo al capitalismo --
_tSe reanuda el estado de desorden general --
_tBolos contra rabuses y rabuses contra bolos --
_tCada quien hacía lo que le daba la gana --
_tEl desorden general en el año 1906 --
_tGuayubín, un general de esos tiempos --
_tMás guerras y la división de los bolos --
_tDesiderio Arias. Su papel en la actividad política nacional --
_tOcupación militar del país por Estados Unidos --
_tLa ley de registro de tierras --
_tLa situación económica hacia el año 1920 --
_tEl atraso en la sociedad y en el comercio --
_tLas puertas del poder se abren para Trujillo --
_tTrujillo: único jefe militar y político del país --
_tUso constante del terror trujillista --
_tLos asesinatos dentro y fuera del país --
_tPlanes de asesinatos de presidentes caribeños --
_tLa acumulación originaria trujillista --
_tLa situación económica del país en 1930 --
_tEl impulso al desarrollo industrial, obra de la dictadura de Trujillo.
590 _aInventariado 2024 / MF
600 1 4 _aHeureaux, Ulises,
_d1845-1899
_9598
600 1 4 _aTrujillo Molina, Rafael Leónidas,
_d 1891-1961
_976764
650 4 _aPresidentes
_zRepública Dominicana
_9599
650 4 _aDictadores
_zRepública Dominicana
_9601
651 4 _aRepública Dominicana
_xHistoria
_9170
651 0 _aRepública Dominicana
_xPolítica y gobierno
_945
910 _aValidado. Control de calidad MMOLINA
942 _2ddc
_cLBS1
999 _c3948
_d3948